|
|
|
|
| LEADER |
00837nam a22001937a 4500 |
| 082 |
|
|
|a 894.M3
|b JOH/N L3
|
| 100 |
|
|
|a ചെമ്പില് ജോണ്;
|9 621
|
| 100 |
|
|
|a Chempil John
|9 134
|
| 240 |
|
|
|a Narthaki
|
| 245 |
|
|
|a നര്ത്തകി
|
| 250 |
|
|
|a 1st
|
| 260 |
|
|
|a Kottayam;
|b Royal Book Depot;
|c 1973
|
| 300 |
|
|
|a 360p.
|
| 650 |
|
|
|a മലയാളം; മലയാളം നോവല്
|9 3
|
| 650 |
|
|
|a Malayalam; Malayalam Novel
|9 622
|
| 942 |
|
|
|c BK
|
| 999 |
|
|
|c 30541
|d 30541
|
| 952 |
|
|
|0 0
|1 0
|4 0
|6 894_000000000000000_M3_JOH_N_L3
|7 0
|8 FIC
|9 33370
|a MAL
|b MAL
|d 2015-04-27
|e 16470
|g 9.00
|l 0
|o 894.M3 JOH/N L3
|p MAL016470
|r 2015-04-27
|t 1
|w 2015-04-27
|y BK
|
| 952 |
|
|
|0 0
|1 0
|4 0
|6 894_000000000000000_M3_JOH_N_L3_1
|7 0
|8 FIC
|9 33371
|a MAL
|b MAL
|d 2015-04-27
|e 16901
|g 9.00
|l 0
|o 894.M3 JOH/N L3 ;1
|p MAL016901
|r 2015-04-27
|t 2
|w 2015-04-27
|y BK
|